000 00197nam a2200085Ia 4500
008 120527s9999 xx 000 0 und d
100 _aHargedorn, R.
245 _aRelativistic Kinematics
942 _cBK
999 _c27764
_d27764